00251nam a2200109Ia 4500008004100000100001800041245002800059260001800087650001200105942000700117999001700124190216s9999||||xx |||||||||||||| ||und|| aRomila Thapar 0aHistory Of India Part I bPenguin Books aHistory cBK c19095d19095